000 00700nam a2200181Ia 4500
008 220216s9999 xx 000 0 und d
100 _aHerve C
245 0 _aLaser diffraction : A new tool for identification and studies of the physiological effctors involved in aggregation-coagulation of rubber particles from Hevea latex
260 _bBiotechnology and Rubber Tree : Proceedings of IRRDB Symposium 25-28 September 2001. CIRAD-CP/Rubber Programme, Montpellier, France
650 _aAggregation-coagulation
650 _aHevea latex
650 _aLaser diffraction
650 _aPhysiological effectors
700 _aJean-Yves L
700 _aNoirot M
700 _aPanida K
942 _cJS
999 _c61961
_d61961